Tottenham Hotspur league finishes since the start of the premier league - Statistics

General Stats
  • This quiz has been taken 241 times
  • The average score is 19 of 23
Answer Stats
Hint Answer % Correct
1992/93 8th
96%
1993/94 15th
92%
1994/95 7th
89%
1996/97 10th
88%
1995/96 8th
87%
1997/98 14th
85%
1999/00 10th
83%
1998/99 11th
83%
2002/03 10th
79%
2000/01 12th
79%
2003/04 14th
79%
2005/06 5th
79%
2014/15 5th
79%
2001/02 9th
78%
2004/05 9th
77%
2011/12 4th
76%
2010/11 5th
76%
2008/09 8th
76%
2007/08 11th
75%
2009/10 4th
75%
2006/07 5th
75%
2012/13 5th
75%
2013/14 6th
74%
No matching quizzes found
Score Distribution
Percent of People with Each Score
Percentile by Number Answered
Your Score History
You have not taken this quiz